| 000 | 00950nas a2200277 4500 | ||
|---|---|---|---|
| 001 | BR0800959 | ||
| 003 | BR-BrBNA | ||
| 005 | 20231205111547.0 | ||
| 007 | ta | ||
| 008 | 230509b bl.|||p| |||| 00| 00por d | ||
| 040 |
_aBR-BrBNA _bpor _cBiblioteca Nacional de Agricultura |
||
| 041 | _a(En) | ||
| 072 | _aL70 | ||
| 100 | 1 | _aSant'Ana, D. de M.G. | |
| 100 | 1 | _aMolimari, S.L. | |
| 100 | 1 | _aAraújo, E.J. de A. | |
| 100 | 1 | _aMiranda Neto, M.H. | |
| 245 | 1 | _aThe effect of both protein and vitamin B complex deficiency on the morphoquantitative features of the myenteric plexus of the ascending colon of adult rats | |
| 650 | _aRATO DE LABORATÓRIO | ||
| 650 | _aDEFICIÊNCIA | ||
| 650 | _aPROTEÍNA | ||
| 650 | _aVITAMINA | ||
| 773 | 0 |
_tArquivos de Ciências Veterinárias e Zoologia da UNIPAR (Brazil) _xISSN 1415-8167 _g(Jul-Dec 2006), v. 9(2) p. 135-140 _wBR0800959 |
|
| 909 |
_a202311 _bLúcia _c55 _dLúcia Elande |
||
| 942 |
_2AGRIS _n0 _cANA |
||
| 999 |
_c193317 _d193317 |
||